Statistics for NBA Quiz - All Star Team Starters from 2011-2022

Click here to take the quiz!

General Stats

  • This quiz has been taken 328 times
  • The average score is 114 of 120

Answer Stats

Answer% Correct
LeBron James
100%
Stephen Curry
99%
Giannis Antetokounmpo
98%
James Harden
98%
Kevin Durant
98%
Kobe Bryant
98%
Luka Doncic
98%
Russell Westbrook
98%
Anthony Davis
97%
Dwyane Wade
97%
Joel Embiid
97%
Kyrie Irving
97%
Nikola Jokic
97%
Trae Young
97%
Kawhi Leonard
96%
Jayson Tatum
95%
Klay Thompson
95%
Carmelo Anthony
94%
Chris Paul
94%
DeMar DeRozan
94%
Derrick Rose
94%
Paul George
94%
Bradley Beal
93%
Ja Morant
93%
Kyle Lowry
92%
Dwight Howard
91%
Marc Gasol
91%
Pau Gasol
91%
Blake Griffin
90%
Tim Duncan
90%
Zion Williamson
90%
Andrew Wiggins
89%
Pascal Siakam
89%
Chris Bosh
88%
Kevin Garnett
87%
John Wall
86%
Kemba Walker
84%
Jimmy Butler
83%
Kevin Love
72%
LaMarcus Aldridge
71%
Amar'e Stoudemire
56%
Andrew Bynum
56%

Score Distribution

Percentile by Number Answered

Percent of People with Each Score

Your Score History

You have not taken this quiz